Who walk in darkness /

Guardat en:
Dades bibliogràfiques
Autor principal: Brossard, Chandler, 1922-
Format: Llibre
Idioma:English
Publicat: London : Sphere, 1971.
Edició:1st Sphere ed.
LEADER 00979cam a2200265 a 4500
001 c000261654
003 CARM
005 20070530084558.0
008 710820s1971 enk 000 1 eng d
015 |a B7120012 
019 1 |a 3559405  |5 LACONCORD2021 
020 |a 0722118929 (pbk.) :  |c £0.30 
035 |a (OCoLC)16201406  |5 LACONCORD2021 
040 |a BNB  |b eng  |c BNB  |d VCAV 
082 0 4 |a 823.91  |2 22 
100 1 |a Brossard, Chandler,  |d 1922- 
245 1 0 |a Who walk in darkness /  |c Chandler Brossard. 
250 |a 1st Sphere ed. 
260 |a London :  |b Sphere,  |c 1971. 
300 |a 222 p. ;  |c 18 cm. 
500 |a Fiction in English, 1900-. Texts (BNB/PRECIS) 
500 |a Originally published, New York: New Directions; London: Lehmann, 1952. 
852 8 |b CARM  |h A1:AO11A0  |i A04330  |p 0378558  |f BK 
999 f f |i 4d5a55db-4b3b-5e6d-8ebb-69b5889b3375  |s 7694fcc4-b477-5474-9477-d778b50a7b59 
952 f f |p Can circulate  |a CAVAL  |b CAVAL  |c CAVAL  |d CARM 1 Store  |e A04330  |f A1:AO11A0  |h Other scheme  |i book  |m 0378558